| 000 | 01685cam a2200493 4500 | ||
|---|---|---|---|
| 999 |
_c24078 _d24078 |
||
| 001 | vtls012269337 | ||
| 005 | 20251215121135.0 | ||
| 008 | 250114s2024 xo g 000 fdslo | ||
| 020 |
_a9788055196534 _q(viazané) |
||
| 040 |
_aSNK _bslo _cSNK _erda |
||
| 041 | 1 |
_aslo _hger |
|
| 044 |
_axo _cSK |
||
| 072 | 7 |
_a821.112.2-3 _xNemecká próza, nemecky písaná _2konspekt |
|
| 072 | 7 |
_a929 _xBiografie _2konspekt |
|
| 080 |
_a821.112.2-31 _22011 |
||
| 080 |
_a929 _22011 |
||
| 080 |
_a791/792.071.2 _22011 |
||
| 100 | 1 |
_aWeinberg, Juliana _4aut _95330 |
|
| 240 | 1 | 0 |
_aAudrey Hepburn und der Glanz der Sterne _lSlovensky |
| 245 | 1 | 0 |
_aAudrey Hepburnová a lesk hviezd _cJuliana Weinbergová ; preložila Zuzana Guldanová |
| 250 | _aPrvé vydanie | ||
| 264 | 1 |
_aBratislava _bIkar _c2024 |
|
| 300 |
_a446 strán _c21 cm |
||
| 336 |
_atext _btxt _2rdacontent |
||
| 337 |
_abez média _bn _2rdamedia |
||
| 338 |
_azväzok _bnc _2rdacarrier |
||
| 500 | _aPreložené z nemčiny | ||
| 500 | _aObsahuje profesijné údaje o autorke na zadnej strane obálky publikácie | ||
| 600 | 1 | 7 |
_aHepburn, Audrey, _d1929-1993 _2SNKMA _95331 |
| 648 | 7 |
_a20. storočie _2SNKPH _92073 |
|
| 648 | 7 |
_a20th century _2SNKPHeng _92074 |
|
| 650 | 0 | 7 |
_aherečky _2SNKPH _95332 |
| 650 | 0 | 7 |
_aActress _2SNKPHeng _95333 |
| 655 | 7 |
_anemecké romány _2SNKPH _92380 |
|
| 655 | 7 |
_abiografické romány _2SNKPH _92126 |
|
| 655 | 7 |
_aGerman fiction _2SNKPHeng _92379 |
|
| 655 | 7 |
_aBiographical novels _2SNKPHeng _92127 |
|
| 700 | 1 |
_aGuldanová, Zuzana, _d1963- _4trl _92390 |
|
| 700 | 1 |
_aPutera, Augustín _4bjd _95329 |
|
| 958 | _aLX | ||
| 958 | _aBC | ||
| 958 | _aPM | ||